000 004270000a22001690004500
041 0 _aENG
082 0 4 _aG 259 L3345g
100 1 _aLarson, Bruce
245 1 0 _aGroups that work / Bruce Larson [et...all]
260 _aGrand Rapids, MI., USA : Zondervan
300 _a142 Pag
001 6649
942 _cBK
999 _c36917
_d36917
336 _atexto
_btxt
_2rdacontent
337 _2rdamedia
_asin mediación
_bn
338 _2rdacarrier
_avolumen
_bnc